000
00280nam a22001337a 4500
008
180809b xxu||||| |||| 00| 0 eng d
020
_a
9780071768016
041
_a
eng
080
_a
61
100
_a
3
101
_a
SHM
245
_a
Neonatology
_c
Gomella.T.L
942
_2
udc
_c
BK
999
_c
46979
_d
46979